| 000 | 00555nam a22002057a 4500 | ||
|---|---|---|---|
| 003 | ITZ | ||
| 005 | 20230529101326.0 | ||
| 008 | 230529b |||||||| |||| 00| 0 spa d | ||
| 020 | _a978-84-945629-4-5 | ||
| 035 | _a17404 | ||
| 041 | _aspa | ||
| 050 |
_aHD69.P75 _bG853 2017 |
||
| 082 |
_a658.404 _bG943g 2017 |
||
| 245 |
_aGuias HBR gestión de proyectos. / _cAgnés González Dalmau ,Tr. |
||
| 250 | _a1 | ||
| 260 |
_aBarcelona: _bReverté Management, _c2017. |
||
| 300 |
_a185 p. / _c23 cm. |
||
| 650 | _a1.ADMINISTRACION DE PROYECTOS. | ||
| 942 | _cBK | ||
| 999 |
_c29037 _d29037 |
||